Southville International School and Colleges
Your cart is empty.
  • Cart
  • Lists
    Public lists Eva Luna New books Lux_list list_1
    Your lists Log in to create your own lists
  • Log in to your account
  • Your cookies
  • Search history
Southville International School and Colleges
  • Advanced search
  • Recent comments
  • Most popular
  • Libraries

Log in to your account

Log in with GOOGLE


If you do not have an external account, but do have a local account, you can still log in:

  1. Home
  2. MARC view: European society and politics :
Normal view MARC view ISBD view

European society and politics : (Record no. 8810)

[ view plain ]
MARC details
000 -LEADER
fixed length control field 01250pam a2200373 i 4500
001 - CONTROL NUMBER
control field 4582022
003 - CONTROL NUMBER IDENTIFIER
control field SISC
005 - DATE AND TIME OF LATEST TRANSACTION
control field 20160331075022.0
008 - FIXED-LENGTH DATA ELEMENTS--GENERAL INFORMATION
fixed length control field 751203s1976 mnua b 001 0 eng
010 ## - LIBRARY OF CONGRESS CONTROL NUMBER
LC control number 75043682
020 ## - INTERNATIONAL STANDARD BOOK NUMBER
International Standard Book Number 0829900683 :
Terms of availability $9.95
040 ## - CATALOGING SOURCE
Original cataloging agency DLC
Transcribing agency DLC
Modifying agency DLC
043 ## - GEOGRAPHIC AREA CODE
Geographic area code ew-----
050 00 - LIBRARY OF CONGRESS CALL NUMBER
Classification number JF 51
Item number .R56 1976
082 00 - DEWEY DECIMAL CLASSIFICATION NUMBER
Classification number HS 309.14
Item number R74 1976
100 1# - MAIN ENTRY--PERSONAL NAME
Personal name Rothman, Stanley,
Dates associated with a name 1927-
9 (RLIN) 11293
245 10 - TITLE STATEMENT
Title European society and politics :
Remainder of title Britain, France, and Germany /
Statement of responsibility, etc Stanley Rothman, Howard Scarrow, Martin Schain.
260 ## - PUBLICATION, DISTRIBUTION, ETC. (IMPRINT)
Place of publication, distribution, etc St. Paul :
Name of publisher, distributor, etc West Pub. Co.,
Date of publication, distribution, etc c1976.
300 ## - PHYSICAL DESCRIPTION
Extent x, 423 p. :
Other physical details ill. ;
Dimensions 25 cm.
500 ## - GENERAL NOTE
General note Rev. and abbreviated ed.
500 ## - GENERAL NOTE
General note Includes index.
504 ## - BIBLIOGRAPHY, ETC. NOTE
Bibliography, etc Bibliography: p. 389-403.
526 ## - STUDY PROGRAM INFORMATION NOTE
Reading level 1110L to 1700L
562 ## - COPY AND VERSION IDENTIFICATION NOTE
Number of copies For circulation. One copy available in the collection.
650 #0 - SUBJECT ADDED ENTRY--TOPICAL TERM
Topical term or geographic name as entry element Comparative government.
9 (RLIN) 11278
651 #0 - SUBJECT ADDED ENTRY--GEOGRAPHIC NAME
Geographic name Europe
General subdivision Politics and government.
9 (RLIN) 11294
651 #0 - SUBJECT ADDED ENTRY--GEOGRAPHIC NAME
Geographic name Europe
General subdivision Social conditions.
9 (RLIN) 11295
700 1# - ADDED ENTRY--PERSONAL NAME
Personal name Scarrow, Howard,
Dates associated with a name 1928-
Relator term joint author.
9 (RLIN) 11296
700 1# - ADDED ENTRY--PERSONAL NAME
Personal name Schain, Martin,
Dates associated with a name 1940-
Relator term joint author.
9 (RLIN) 11297
906 ## - LOCAL DATA ELEMENT F, LDF (RLIN)
a 7
b cbc
c orignew
d 1
e ocip
f 19
g y-gencatlg
942 ## - ADDED ENTRY ELEMENTS (KOHA)
Source of classification or shelving scheme Library of Congress Classification
Koha item type Books
Holdings
Withdrawn status Lost status Source of classification or shelving scheme Damaged status Home library Current library Shelving location Date acquired Total Checkouts Full call number Barcode Date last seen Copy number Price effective from Koha item type
    Library of Congress Classification   Luxembourg Library Luxembourg Library High School Section 08/16/2013   JF 51 .R56 1976 8704 08/16/2013 2 08/16/2013 Books
    Library of Congress Classification   Luxembourg Library Luxembourg Library High School Section 08/17/2013   JF 51 .R56 1976 8703 03/31/2016 2 08/17/2013 Books

European society and politics :

APA

Rothman S., Scarrow H. & Schain M. (1976). European society and politics. St. Paul: West Pub. Co.

Chicago

Rothman Stanley, Scarrow Howard and Schain Martin. 1976. European society and politics. St. Paul: West Pub. Co.

Harvard

Rothman S., Scarrow H. and Schain M. (1976). European society and politics. St. Paul: West Pub. Co.

MLA

Rothman Stanley, Scarrow Howard and Schain Martin. European society and politics. St. Paul: West Pub. Co. 1976.

  • Place hold
  • Print
  • Cite
  • Add to your cart (remove)
  • Save record
    BIBTEX Dublin Core MARCXML MARC (non-Unicode/MARC-8) MARC (Unicode/UTF-8) MARC (Unicode/UTF-8, Standard) MODS (XML) RIS
  • More searches
    Search for this title in:
    Other Libraries (WorldCat) Other Databases (Google Scholar) Online Stores (Bookfinder.com) Open Library (openlibrary.org)

Exporting to Dublin Core...

SOUTHVILLE LIBRARY

Southville International School and Colleges Library

1281 Tropical Ave. Cor. Luxembourg St., BF Homes International, Las Pinas City

Tel. No. 8256374 / 252358 Loc. 117/146

Powered by Koha